Arsenal Players 2024 - Statistics

General Stats
  • This quiz has been taken 43 times
    38 since last reset
  • The average score is 15 of 20
Answer Stats
Hint Answer % Correct
CB Gabriel
100%
GK Raya
97%
CB Saliba
97%
FW Jesus
95%
FW Saka
95%
FW Martinelli
86%
CM Ødegaard
86%
RB White
84%
CM Jorginho
81%
CM Rice
81%
FW Trossard
81%
LB Zinchenko
76%
CM Partey
73%
CM Havertz
70%
RB Tomiyasu
68%
CB Kiwior
62%
FW Nketiah
57%
FW Nelson
54%
CM Smith Rowe
51%
CM Vieira
46%
No matching quizzes found
Score Distribution
Percent of People with Each Score
Percentile by Number Answered
Your Score History
You have not taken this quiz since the last reset